00370nam a2200133 a 4500008004100000020001500041050001500056100001600071245002400087246006400111250001200175260004000187350000900227120416s0000 ||||||||||||||||| || u a0750629576 aQR 115 Gam aGaman, P. M14aThe science of food aan introduction to food science, nutrition and microbiology a3rd ed. aOxfordbButterworth-Heinemannc1990 a0.00